Fr. Conceicao Rodrigues College of Engineering

Continuous and Discrete time signals and systems (Record no. 32630)

MARC details
000 -LEADER
fixed length control field 00388nam a2200157Ia 4500
082 ## - DEWEY DECIMAL CLASSIFICATION NUMBER
Classification number 3.83
Item number MAN
100 ## - MAIN ENTRY--PERSONAL NAME
Personal name Mandal/Mrinal/ Asif/Amir
245 ## - TITLE STATEMENT
Title Continuous and Discrete time signals and systems
260 ## - PUBLICATION, DISTRIBUTION, ETC.
Name of publisher, distributor, etc. Cambride University press
Date of publication, distribution, etc. 2007
366 ## - TRADE AVAILABILITY INFORMATION
Publishers's discount category 25
300 ## - PHYSICAL DESCRIPTION
Extent 865
546 ## - LANGUAGE NOTE
Language note ENGLISH
-- TTL
650 ## - SUBJECT ADDED ENTRY--TOPICAL TERM
Topical term or geographic name entry element Discrete time signals
654 ## - SUBJECT ADDED ENTRY--FACETED TOPICAL TERMS
Focus term continuous
942 ## - ADDED ENTRY ELEMENTS (KOHA)
Koha item type BOOK
Holdings
Withdrawn status Lost status Damaged status Not for loan Collection Home library Current library Date acquired Source of acquisition Cost, normal purchase price Inventory number Total Checkouts Full call number Barcode Date last seen Cost, replacement price Price effective from Koha item type
        CRC Fr. Agnel's C.Rodrigues College of Engineering Fr. Agnel's C.Rodrigues College of Engineering 17/03/2023 Dharma Enterprises 521.25 524 dt 29/04/2010   3.83 MAN 20540 17/03/2023 695.00   BOOK